[Event "Greek Team Championship"]
[Site "chess24.com"]
[Date "2017.07.04"]
[Round "2"]
[White "Galopoulos, Nikolaos"]
[Black "Papageorgiou, Ioannis"]
[Result "1-0"]
[Board "2"]
[WhiteElo "2369"]
[WhiteCountry "GRE"]
[WhiteFideId "4208951"]
[WhiteEloChange "2"]
[BlackElo "1980"]
[BlackCountry "GRE"]
[BlackFideId "4220056"]
[BlackEloChange "-2"]

1. Nf3 {[%clk 1:30:49]} Nf6 {[%clk 1:29:53]} 2. g3 {[%clk 1:30:39]} g6 {[%clk
1:29:57]} 3. Bg2 {[%clk 1:31:04]} Bg7 {[%clk 1:30:22]} 4. O-O {[%clk 1:31:20]}
O-O {[%clk 1:30:47]} 5. d3 {[%clk 1:31:42]} d6 {[%clk 1:30:53]} 6. c4 {[%clk
1:30:56]} c5 {[%clk 1:30:51]} 7. d4 {[%clk 1:30:51]} Nbd7 {[%clk 1:29:32]} 8. Nc3
{[%clk 1:31:12]} a6 {[%clk 1:27:24]} 9. e4 {[%clk 1:31:23]} cxd4 {[%clk 1:21:19]}
10. Nxd4 {[%clk 1:31:51]} Ne5 {[%clk 1:17:49]} 11. b3 {[%clk 1:32:05]} Bg4 {[%clk
1:16:51]} 12. Qd2 {[%clk 1:28:33]} Qd7 {[%clk 1:09:06]} 13. Re1 {[%clk 1:27:14]}
Nc6 {[%clk 1:01:34]} 14. Nc2 {[%clk 1:23:44]} Ne5 {[%clk 1:00:14]} 15. Re3 {[%clk
1:23:10]} Bh6 {[%clk 0:58:17]} 16. f4 {[%clk 1:23:17]} Nc6 {[%clk 0:57:54]} 17.
Bb2 {[%clk 1:22:46]} Bh3 {[%clk 0:56:01]} 18. Nd5 {[%clk 1:22:42]} Nxd5 {[%clk
0:42:53]} 19. exd5 {[%clk 1:23:06]} Bxg2 {[%clk 0:43:12]} 20. Kxg2 {[%clk
1:22:38]} Nd8 {[%clk 0:39:44]} 21. Rae1 {[%clk 1:20:18]} e5 {[%clk 0:38:57]} 22.
dxe6 {[%clk 1:20:34]} Nxe6 {[%clk 0:39:10]} 23. Nb4 {[%clk 1:20:44]} b5 {[%clk
0:35:31]} 24. Nd5 {[%clk 1:21:06]} Qb7 {[%clk 0:35:44]} 25. Kg1 {[%clk 1:19:21]}
Bg7 {[%clk 0:35:10]} 26. f5 {[%clk 1:17:44]} gxf5 {[%clk 0:31:45]} 27. Bxg7
{[%clk 1:17:59]} Nxg7 {[%clk 0:31:40]} 28. Re7 {[%clk 1:18:25]} Qc8 {[%clk
0:29:39]} 29. Nf6+ {[%clk 1:18:53]} Kh8 {[%clk 0:29:43]} 30. Qh6 {[%clk 1:19:21]}
Qc5+ {[%clk 0:29:56]} 31. Kf1 {[%clk 1:19:49]} 1-0

[Event "Greek Team Championship"]
[Site "chess24.com"]
[Date "2017.07.04"]
[Round "2"]
[White "Georgiadis, Alexandros"]
[Black "Kesidis, Odyseas"]
[Result "1/2-1/2"]
[Board "3"]
[WhiteElo "1947"]
[WhiteCountry "GRE"]
[WhiteFideId "4206487"]
[WhiteEloChange "6"]
[BlackElo "2202"]
[BlackCountry "GRE"]
[BlackFideId "4221796"]
[BlackEloChange "-6"]

1. d4 {[%clk 1:30:26]} Nf6 {[%clk 1:30:50]} 2. c4 {[%clk 1:30:41]} e6 {[%clk
1:31:14]} 3. Nf3 {[%clk 1:31:00]} Bb4+ {[%clk 1:31:38]} 4. Bd2 {[%clk 1:31:21]}
Qe7 {[%clk 1:31:47]} 5. g3 {[%clk 1:29:18]} Nc6 {[%clk 1:32:11]} 6. Bg2 {[%clk
1:26:45]} Bxd2+ {[%clk 1:32:35]} 7. Nbxd2 {[%clk 1:26:56]} d6 {[%clk 1:32:38]} 8.
O-O {[%clk 1:27:19]} O-O {[%clk 1:32:52]} 9. Qc2 {[%clk 1:24:29]} a5 {[%clk
1:32:32]} 10. e4 {[%clk 1:14:49]} e5 {[%clk 1:32:55]} 11. d5 {[%clk 1:15:11]} Nb4
{[%clk 1:32:14]} 12. Qc3 {[%clk 1:14:55]} Bd7 {[%clk 1:27:31]} 13. a3 {[%clk
1:15:08]} Na6 {[%clk 1:27:53]} 14. b4 {[%clk 1:14:41]} c6 {[%clk 1:26:20]} 15.
dxc6 {[%clk 1:13:29]} bxc6 {[%clk 1:24:25]} 16. Ne1 {[%clk 1:09:18]} d5 {[%clk
1:17:15]} 17. exd5 {[%clk 0:55:26]} cxd5 {[%clk 1:08:08]} 18. Nd3 {[%clk
0:51:12]} d4 {[%clk 1:06:41]} 19. Qc2 {[%clk 0:51:18]} e4 {[%clk 1:01:44]} 20.
Nxe4 {[%clk 0:44:14]} Nxe4 {[%clk 0:59:29]} 21. Rae1 {[%clk 0:43:57]} f5 {[%clk
0:56:02]} 22. f3 {[%clk 0:43:56]} axb4 {[%clk 0:50:59]} 23. axb4 {[%clk 0:44:13]}
Nxb4 {[%clk 0:49:05]} 24. Nxb4 {[%clk 0:44:37]} Qxb4 {[%clk 0:49:28]} 25. fxe4
{[%clk 0:45:04]} Qc5 {[%clk 0:35:25]} 26. Kh1 {[%clk 0:42:07]} Ra3 {[%clk
0:33:51]} 27. exf5 {[%clk 0:37:42]} Bxf5 {[%clk 0:22:59]} 28. Qb2 {[%clk
0:35:07]} Re3 {[%clk 0:14:56]} 29. Bd5+ {[%clk 0:33:13]} Be6 {[%clk 0:10:20]} 30.
Rxf8+ {[%clk 0:24:32]} Qxf8 {[%clk 0:10:11]} 31. Qd2 {[%clk 0:24:56]} Bxd5+
{[%clk 0:06:27]} 32. cxd5 {[%clk 0:25:18]} Qf3+ {[%clk 0:06:09]} 33. Kg1 {[%clk
0:25:40]} Qe4 {[%clk 0:02:12]} 34. Kf2 {[%clk 0:25:24]} Qf3+ {[%clk 0:02:39]} 35.
Kg1 {[%clk 0:25:47]} Qe4 {[%clk 0:03:05]} 36. Kf2 {[%clk 0:26:12]} Qf3+ {[%clk
0:03:32]} 37. Kg1 {[%clk 0:26:37]} Qe4 {[%clk 0:01:54]} 38. Kf2 {[%clk 0:27:01]}
Qf5+ {[%clk 0:02:16]} 39. Kg1 {[%clk 0:27:22]} Rxe1+ {[%clk 0:02:06]} 40. Qxe1
{[%clk 0:57:43]} Kf7 {[%clk 0:32:28]} 41. d6 {[%clk 0:57:51]} Qe6 {[%clk
0:30:52]} 42. Qf2+ {[%clk 0:57:46]} Qf6 {[%clk 0:31:07]} 43. Qa2+ {[%clk
0:52:13]} Qe6 {[%clk 0:18:24]} 44. Qf2+ {[%clk 0:52:30]} Qf6 {[%clk 0:18:53]} 45.
Qa2+ {[%clk 0:52:52]} Qe6 {[%clk 0:18:53]} 46. Qa7+ {[%clk 0:52:52]} Ke8 {[%clk
0:18:53]} 1/2-1/2

[Event "Greek Team Championship"]
[Site "chess24.com"]
[Date "2017.07.04"]
[Round "2"]
[White "Vasiliadis, Anastasios"]
[Black "Benatsis, Alexandros"]
[Result "1-0"]
[Board "4"]
[WhiteElo "1972"]
[WhiteCountry "GRE"]
[WhiteFideId "4251083"]
[WhiteEloChange "2"]
[BlackElo "1630"]
[BlackCountry "GRE"]
[BlackFideId "4237382"]
[BlackEloChange "-2"]

1. d4 {[%clk 1:30:16]} Nf6 {[%clk 1:30:42]} 2. c4 {[%clk 1:30:42]} Nc6 {[%clk
1:30:50]} 3. Nf3 {[%clk 1:30:45]} e6 {[%clk 1:31:11]} 4. g3 {[%clk 1:31:07]} Bb4+
{[%clk 1:31:30]} 5. Bd2 {[%clk 1:31:28]} Bxd2+ {[%clk 1:31:28]} 6. Nbxd2 {[%clk
1:31:51]} d6 {[%clk 1:30:34]} 7. Bg2 {[%clk 1:32:14]} a5 {[%clk 1:29:04]} 8. O-O
{[%clk 1:32:33]} Qe7 {[%clk 1:28:57]} 9. b3 {[%clk 1:32:48]} O-O {[%clk 1:27:58]}
10. a3 {[%clk 1:31:40]} e5 {[%clk 1:27:18]} 11. d5 {[%clk 1:32:02]} Nb8 {[%clk
1:27:32]} 12. Ne1 {[%clk 1:28:42]} Na6 {[%clk 1:26:27]} 13. e4 {[%clk 1:27:39]}
Bg4 {[%clk 1:24:58]} 14. f3 {[%clk 1:28:00]} Bd7 {[%clk 1:25:20]} 15. Nd3 {[%clk
1:28:27]} c6 {[%clk 1:23:43]} 16. Qe2 {[%clk 1:23:41]} cxd5 {[%clk 1:23:48]} 17.
exd5 {[%clk 1:23:56]} Ne8 {[%clk 1:15:48]} 18. f4 {[%clk 1:15:47]} f6 {[%clk
1:15:42]} 19. fxe5 {[%clk 1:13:44]} fxe5 {[%clk 1:15:49]} 20. Rxf8+ {[%clk
1:14:03]} Qxf8 {[%clk 1:15:01]} 21. Rf1 {[%clk 1:14:13]} Qe7 {[%clk 1:15:22]} 22.
Ne4 {[%clk 1:14:30]} b6 {[%clk 1:12:05]} 23. b4 {[%clk 1:05:04]} Rc8 {[%clk
1:07:44]} 24. b5 {[%clk 1:01:44]} Nac7 {[%clk 1:06:33]} 25. Nb2 {[%clk 1:02:04]}
g6 {[%clk 1:04:48]} 26. Qf2 {[%clk 0:59:14]} Na8 {[%clk 1:03:20]} 27. Nf6+ {[%clk
0:54:10]} Nxf6 {[%clk 0:55:57]} 28. Qxf6 {[%clk 0:54:33]} Qxf6 {[%clk 0:54:39]}
29. Rxf6 {[%clk 0:54:53]} Bf5 {[%clk 0:54:54]} 30. Rxd6 {[%clk 0:53:52]} e4
{[%clk 0:50:49]} 31. Kf2 {[%clk 0:52:35]} Nc7 {[%clk 0:50:03]} 32. Nd1 {[%clk
0:51:50]} Nxb5 {[%clk 0:49:34]} 33. cxb5 {[%clk 0:49:12]} Rc2+ {[%clk 0:49:51]}
34. Ke3 {[%clk 0:49:03]} Rxg2 {[%clk 0:49:52]} 35. Rxb6 {[%clk 0:49:14]} Rxh2
{[%clk 0:49:14]} 36. Ra6 {[%clk 0:41:59]} Rg2 {[%clk 0:48:57]} 37. Kf4 {[%clk
0:41:37]} Rd2 {[%clk 0:45:32]} 38. b6 {[%clk 0:38:50]} Rxd5 {[%clk 0:45:09]} 39.
b7 {[%clk 0:39:06]} g5+ {[%clk 0:45:27]} 40. Ke3 {[%clk 1:08:41]} Rd3+ {[%clk
1:15:32]} 41. Kf2 {[%clk 1:08:52]} e3+ {[%clk 1:10:47]} 42. Nxe3 {[%clk 1:09:03]}
1-0

[Event "Greek Team Championship"]
[Site "chess24.com"]
[Date "2017.07.04"]
[Round "2"]
[White "Gioutsou, Miranta"]
[Black "Patriki, Alexandra"]
[Result "1-0"]
[Board "7"]
[WhiteElo "1294"]
[WhiteCountry "GRE"]
[WhiteFideId "25838296"]
[WhiteEloChange "7"]
[BlackElo "1202"]
[BlackCountry "GRE"]
[BlackFideId "25824490"]
[BlackEloChange "-7"]

1. e4 {[%clk 1:29:32]} e5 {[%clk 1:30:53]} 2. Nf3 {[%clk 1:29:58]} Nc6 {[%clk
1:31:16]} 3. d4 {[%clk 1:30:23]} exd4 {[%clk 1:28:36]} 4. Nxd4 {[%clk 1:30:47]}
Bc5 {[%clk 1:24:41]} 5. Nb3 {[%clk 1:31:10]} Bb6 {[%clk 1:23:41]} 6. Nc3 {[%clk
1:31:32]} a6 {[%clk 1:22:18]} 7. Qe2 {[%clk 1:31:35]} d6 {[%clk 1:20:11]} 8. Be3
{[%clk 1:31:26]} Bxe3 {[%clk 1:18:37]} 9. Qxe3 {[%clk 1:31:49]} Nf6 {[%clk
1:17:06]} 10. O-O-O {[%clk 1:32:01]} Qe7 {[%clk 1:15:07]} 11. g3 {[%clk 1:30:35]}
Bd7 {[%clk 1:09:51]} 12. Bg2 {[%clk 1:30:24]} O-O-O {[%clk 1:09:15]} 13. h3
{[%clk 1:29:28]} h6 {[%clk 1:06:27]} 14. Rhe1 {[%clk 1:29:45]} Rhe8 {[%clk
1:06:10]} 15. Kb1 {[%clk 1:28:58]} Nh7 {[%clk 0:56:00]} 16. Nd5 {[%clk 1:27:59]}
Qg5 {[%clk 0:54:02]} 17. f4 {[%clk 1:27:18]} Qg6 {[%clk 0:52:21]} 18. Qc3 {[%clk
1:21:39]} f5 {[%clk 0:46:37]} 19. e5 {[%clk 1:20:40]} dxe5 {[%clk 0:45:07]} 20.
fxe5 {[%clk 1:21:03]} Be6 {[%clk 0:44:28]} 21. Nf4 {[%clk 1:20:42]} Rxd1+ {[%clk
0:44:40]} 22. Rxd1 {[%clk 1:21:02]} Qf7 {[%clk 0:44:40]} 23. Bxc6 {[%clk
1:21:12]} bxc6 {[%clk 0:35:58]} 24. Qxc6 {[%clk 1:21:28]} Bc4 {[%clk 0:36:01]}
25. Qa8# {[%clk 1:21:46]} 1-0

[Event "Greek Team Championship"]
[Site "chess24.com"]
[Date "2017.07.04"]
[Round "2"]
[White "Papadopoulos, Zisis"]
[Black "Bebis, Epaminondas-Alexandros"]
[Result "0-1"]
[Board "8"]
[WhiteElo "1881"]
[WhiteCountry "GRE"]
[WhiteFideId "4284895"]
[WhiteEloChange "-18"]
[BlackElo "1514"]
[BlackCountry "GRE"]
[BlackFideId "4262930"]
[BlackEloChange "18"]

1. d4 {[%clk 1:30:58]} Nf6 {[%clk 1:30:30]} 2. c4 {[%clk 1:31:04]} e5 {[%clk
1:22:21]} 3. dxe5 {[%clk 1:31:29]} Ng4 {[%clk 1:22:49]} 4. Nf3 {[%clk 1:31:41]}
Nc6 {[%clk 1:22:15]} 5. Nc3 {[%clk 1:31:55]} Ngxe5 {[%clk 1:20:43]} 6. e3 {[%clk
1:32:10]} g6 {[%clk 1:14:39]} 7. b3 {[%clk 1:29:11]} Bg7 {[%clk 1:13:04]} 8. Bb2
{[%clk 1:29:36]} d6 {[%clk 1:11:27]} 9. Be2 {[%clk 1:29:14]} O-O {[%clk 1:02:04]}
10. O-O {[%clk 1:28:55]} Re8 {[%clk 0:59:44]} 11. Nd4 {[%clk 1:23:56]} f5 {[%clk
0:48:50]} 12. Nd5 {[%clk 1:20:06]} Ne7 {[%clk 0:45:06]} 13. Qc2 {[%clk 1:15:05]}
Bd7 {[%clk 0:40:21]} 14. Rac1 {[%clk 1:00:50]} c6 {[%clk 0:33:22]} 15. Nf4 {[%clk
1:00:15]} Nc8 {[%clk 0:33:14]} 16. Rfd1 {[%clk 0:59:00]} Qe7 {[%clk 0:30:52]} 17.
Ba3 {[%clk 0:57:47]} Ng4 {[%clk 0:27:01]} 18. Bxg4 {[%clk 0:56:23]} fxg4 {[%clk
0:26:55]} 19. Qd2 {[%clk 0:53:48]} Rd8 {[%clk 0:19:45]} 20. Nde2 {[%clk 0:49:14]}
g5 {[%clk 0:18:25]} 21. Nh5 {[%clk 0:47:57]} Be5 {[%clk 0:18:20]} 22. Nhg3 {[%clk
0:46:04]} Be8 {[%clk 0:14:07]} 23. e4 {[%clk 0:38:11]} h5 {[%clk 0:12:18]} 24.
Bb2 {[%clk 0:37:06]} Bg6 {[%clk 0:08:39]} 25. Bxe5 {[%clk 0:34:29]} Qxe5 {[%clk
0:08:58]} 26. Qd4 {[%clk 0:34:29]} Re8 {[%clk 0:07:44]} 27. c5 {[%clk 0:25:26]}
h4 {[%clk 0:06:21]} 28. Nf1 {[%clk 0:25:38]} Qxd4 {[%clk 0:05:53]} 29. Rxd4
{[%clk 0:25:19]} Rxe4 {[%clk 0:06:10]} 30. cxd6 {[%clk 0:23:39]} Rxd4 {[%clk
0:06:20]} 31. Nxd4 {[%clk 0:24:03]} Nxd6 {[%clk 0:06:42]} 32. Nxc6 {[%clk
0:24:02]} bxc6 {[%clk 0:05:57]} 33. Rxc6 {[%clk 0:24:09]} Rd8 {[%clk 0:06:22]}
34. Ne3 {[%clk 0:24:20]} Be4 {[%clk 0:03:51]} 35. Rc5 {[%clk 0:23:43]} Nf5 {[%clk
0:04:06]} 36. Kf1 {[%clk 0:23:42]} Nxe3+ {[%clk 0:04:00]} 37. fxe3 {[%clk
0:24:07]} Rf8+ {[%clk 0:02:34]} 38. Kg1 {[%clk 0:24:02]} Bd3 {[%clk 0:01:32]} 39.
Rc1 {[%clk 0:23:26]} Kg7 {[%clk 0:01:15]} 40. b4 {[%clk 0:53:41]} Kf6 {[%clk
0:31:02]} 41. Rc3 {[%clk 0:53:35]} Bb5 {[%clk 0:29:50]} 42. a4 {[%clk 0:52:46]}
Bxa4 {[%clk 0:29:16]} 43. Ra3 {[%clk 0:53:12]} Bb5 {[%clk 0:29:32]} 44. Rxa7
{[%clk 0:53:37]} Ke5 {[%clk 0:28:56]} 45. Ra1 {[%clk 0:53:51]} Ke4 {[%clk
0:28:26]} 46. Re1 {[%clk 0:52:56]} Rf7 {[%clk 0:28:37]} 47. Ra1 {[%clk 0:52:43]}
Kxe3 {[%clk 0:28:43]} 48. Ra3+ {[%clk 0:53:10]} Bd3 {[%clk 0:28:12]} 49. Ra1
{[%clk 0:53:26]} Kd2 {[%clk 0:28:02]} 50. g3 {[%clk 0:53:18]} h3 {[%clk 0:28:20]}
51. Ra2+ {[%clk 0:53:13]} Bc2 {[%clk 0:27:54]} 52. Ra5 {[%clk 0:53:00]} Bd1
{[%clk 0:28:00]} 53. Rd5+ {[%clk 0:52:57]} Ke1 {[%clk 0:28:19]} 0-1

[Event "Greek Team Championship"]
[Site "chess24.com"]
[Date "2017.07.04"]
[Round "2"]
[White "Apostolidis, Angelos"]
[Black "Gioutsos, Vasileios"]
[Result "0-1"]
[Board "10"]
[WhiteElo "1156"]
[WhiteCountry "GRE"]
[WhiteFideId "25814656"]
[WhiteEloChange "-8"]
[BlackElo "1231"]
[BlackCountry "GRE"]
[BlackFideId "25832883"]
[BlackEloChange "8"]

1. e4 {[%clk 1:30:58]} e5 {[%clk 1:29:55]} 2. Nf3 {[%clk 1:31:09]} Nc6 {[%clk
1:29:34]} 3. Bc4 {[%clk 1:27:52]} Bc5 {[%clk 1:29:42]} 4. Nc3 {[%clk 1:27:21]}
Nf6 {[%clk 1:29:52]} 5. d3 {[%clk 1:26:54]} h6 {[%clk 1:29:24]} 6. Be3 {[%clk
1:26:22]} Bxe3 {[%clk 1:28:13]} 7. fxe3 {[%clk 1:26:22]} O-O {[%clk 1:28:21]} 8.
O-O {[%clk 1:26:09]} d6 {[%clk 1:28:03]} 9. h3 {[%clk 1:26:27]} Na5 {[%clk
1:27:44]} 10. Bb3 {[%clk 1:24:28]} Nxb3 {[%clk 1:27:34]} 11. axb3 {[%clk
1:24:48]} Be6 {[%clk 1:26:21]} 12. Ra3 {[%clk 1:16:25]} Nh7 {[%clk 1:24:03]} 13.
Ne2 {[%clk 0:48:37]} Ng5 {[%clk 1:22:53]} 14. Nxg5 {[%clk 0:46:19]} Qxg5 {[%clk
1:23:14]} 15. Rf3 {[%clk 0:46:23]} f5 {[%clk 1:16:15]} 16. Ng3 {[%clk 0:46:23]}
a6 {[%clk 1:16:15]} 17. exf5 {[%clk 0:29:47]} Bxf5 {[%clk 1:16:16]} 18. Nxf5
{[%clk 0:30:06]} Rxf5 {[%clk 1:16:22]} 19. Rxf5 {[%clk 0:30:07]} Qxf5 {[%clk
1:16:49]} 20. Qf3 {[%clk 0:27:24]} Qxf3 {[%clk 1:16:33]} 21. gxf3 {[%clk
0:27:48]} Rf8 {[%clk 1:16:31]} 22. Kf2 {[%clk 0:27:23]} g5 {[%clk 1:16:26]} 23.
Ra1 {[%clk 0:27:25]} Kg7 {[%clk 1:16:18]} 24. Rg1 {[%clk 0:27:28]} Kg6 {[%clk
1:16:20]} 25. h4 {[%clk 0:26:23]} Rf5 {[%clk 1:16:15]} 26. Rg4 {[%clk 0:19:57]}
h5 {[%clk 1:15:52]} 27. e4 {[%clk 0:19:42]} hxg4 {[%clk 1:09:29]} 28. exf5+
{[%clk 0:19:53]} Kxf5 {[%clk 1:09:49]} 29. fxg4+ {[%clk 0:19:59]} Kxg4 {[%clk
1:10:01]} 30. hxg5 {[%clk 0:20:20]} Kxg5 {[%clk 1:10:25]} 31. Ke3 {[%clk
0:20:35]} d5 {[%clk 1:10:28]} 32. c4 {[%clk 0:20:04]} c6 {[%clk 1:09:42]} 33. Kf3
{[%clk 0:12:13]} Kf5 {[%clk 1:09:45]} 34. Ke3 {[%clk 0:11:59]} d4+ {[%clk
1:09:46]} 35. Kf3 {[%clk 0:11:49]} c5 {[%clk 1:10:04]} 36. Ke2 {[%clk 0:10:28]}
Kf4 {[%clk 1:10:24]} 37. Kf2 {[%clk 0:09:41]} e4 {[%clk 1:10:51]} 38. Ke2 {[%clk
0:09:07]} e3 {[%clk 1:11:16]} 39. Kd1 {[%clk 0:03:13]} Kf3 {[%clk 1:11:35]} 40.
Ke1 {[%clk 0:33:00]} e2 {[%clk 1:41:57]} 41. Kd2 {[%clk 0:32:59]} Kf2 {[%clk
1:42:22]} 42. Kc1 {[%clk 0:32:46]} e1Q+ {[%clk 1:42:37]} 43. Kc2 {[%clk 0:32:46]}
Ke2 {[%clk 1:43:03]} 44. b4 {[%clk 0:32:11]} Qd1# {[%clk 1:43:24]} 0-1

[Event "Greek Team Championship"]
[Site "chess24.com"]
[Date "2017.07.04"]
[Round "3"]
[White "Van Wely, Loek"]
[Black "Kanakaris, Georgios"]
[Result "0-1"]
[Board "1"]
[WhiteElo "2674"]
[WhiteTitle "GM"]
[WhiteCountry "NED"]
[WhiteFideId "1000268"]
[WhiteEloChange "-9"]
[BlackElo "2359"]
[BlackCountry "GRE"]
[BlackFideId "4209460"]
[BlackEloChange "17"]

1. d4 {[%clk 1:28:28]} Nf6 {[%clk 1:30:52]} 2. c4 {[%clk 1:28:35]} g6 {[%clk
1:31:08]} 3. Nf3 {[%clk 1:28:19]} Bg7 {[%clk 1:31:27]} 4. g3 {[%clk 1:28:25]} O-O
{[%clk 1:31:43]} 5. Bg2 {[%clk 1:28:51]} d6 {[%clk 1:32:07]} 6. Nc3 {[%clk
1:29:13]} Nc6 {[%clk 1:32:16]} 7. O-O {[%clk 1:29:36]} Bg4 {[%clk 1:32:02]} 8. h3
{[%clk 1:21:08]} Bxf3 {[%clk 1:32:21]} 9. Bxf3 {[%clk 1:21:34]} Nd7 {[%clk
1:32:31]} 10. e3 {[%clk 1:15:40]} e5 {[%clk 1:31:19]} 11. d5 {[%clk 1:15:13]} Ne7
{[%clk 1:30:48]} 12. e4 {[%clk 1:14:39]} f5 {[%clk 1:30:50]} 13. Rb1 {[%clk
1:14:11]} Nf6 {[%clk 1:18:52]} 14. b4 {[%clk 1:13:14]} Qd7 {[%clk 1:16:10]} 15.
Kg2 {[%clk 1:13:10]} f4 {[%clk 1:11:50]} 16. c5 {[%clk 1:07:23]} g5 {[%clk
1:11:26]} 17. Ba3 {[%clk 0:53:30]} h5 {[%clk 0:47:40]} 18. Bxh5 {[%clk 0:33:35]}
Nxh5 {[%clk 0:48:00]} 19. Qxh5 {[%clk 0:34:02]} Rf6 {[%clk 0:48:25]} 20. Rh1
{[%clk 0:22:19]} Raf8 {[%clk 0:48:25]} 21. Rb2 {[%clk 0:20:15]} Ng6 {[%clk
0:46:47]} 22. Qd1 {[%clk 0:10:16]} fxg3 {[%clk 0:45:17]} 23. fxg3 {[%clk
0:10:41]} Qf7 {[%clk 0:45:39]} 24. Rg1 {[%clk 0:08:03]} Rf3 {[%clk 0:38:37]} 25.
Rc2 {[%clk 0:06:58]} g4 {[%clk 0:26:44]} 26. Bc1 {[%clk 0:07:02]} gxh3+ {[%clk
0:25:35]} 27. Kh2 {[%clk 0:07:01]} Qd7 {[%clk 0:13:09]} 28. Qe2 {[%clk 0:06:10]}
R8f7 {[%clk 0:12:11]} 29. Be3 {[%clk 0:05:25]} Nf8 {[%clk 0:11:44]} 30. c6 {[%clk
0:03:03]} bxc6 {[%clk 0:11:42]} 31. dxc6 {[%clk 0:03:31]} Qg4 {[%clk 0:11:45]}
32. Bxa7 {[%clk 0:02:56]} Ne6 {[%clk 0:11:00]} 33. Nd5 {[%clk 0:01:55]} Nd4
{[%clk 0:10:47]} 34. Bxd4 {[%clk 0:02:13]} exd4 {[%clk 0:11:14]} 35. Rd2 {[%clk
0:01:21]} d3 {[%clk 0:11:10]} 36. Qe1 {[%clk 0:01:41]} Bd4 {[%clk 0:11:22]} 37.
Nf4 {[%clk 0:01:02]} Kf8 {[%clk 0:10:42]} 38. Nxd3 {[%clk 0:00:41]} Bxg1+ {[%clk
0:10:35]} 39. Qxg1 {[%clk 0:00:51]} Rxd3 {[%clk 0:10:56]} 0-1

[Event "Greek Team Championship"]
[Site "chess24.com"]
[Date "2017.07.04"]
[Round "3"]
[White "Papadopoulos, Panayotis"]
[Black "Halkias, Stelios"]
[Result "0-1"]
[Board "2"]
[WhiteElo "2172"]
[WhiteCountry "GRE"]
[WhiteFideId "4222636"]
[WhiteEloChange "-2"]
[BlackElo "2580"]
[BlackTitle "GM"]
[BlackCountry "GRE"]
[BlackFideId "4201809"]
[BlackEloChange "1"]

1. Nf3 {[%clk 1:30:43]} Nf6 {[%clk 1:30:40]} 2. d4 {[%clk 1:30:34]} e6 {[%clk
1:27:17]} 3. g3 {[%clk 1:30:34]} c5 {[%clk 1:27:17]} 4. c4 {[%clk 1:28:17]} cxd4
{[%clk 1:26:15]} 5. Nxd4 {[%clk 1:26:01]} d5 {[%clk 1:26:22]} 6. Bg2 {[%clk
1:25:10]} e5 {[%clk 1:24:49]} 7. Nc2 {[%clk 1:23:10]} d4 {[%clk 1:20:28]} 8. f4
{[%clk 1:19:24]} Bd6 {[%clk 1:16:19]} 9. fxe5 {[%clk 1:10:33]} Bxe5 {[%clk
1:16:39]} 10. O-O {[%clk 1:09:42]} O-O {[%clk 0:56:50]} 11. Bf4 {[%clk 1:05:25]}
Nbd7 {[%clk 0:50:39]} 12. Nd2 {[%clk 0:38:09]} Qb6 {[%clk 0:45:16]} 13. Kh1
{[%clk 0:37:10]} Ng4 {[%clk 0:40:40]} 14. h3 {[%clk 0:29:26]} Ngf6 {[%clk
0:36:52]} 15. b4 {[%clk 0:14:08]} Nh5 {[%clk 0:31:16]} 16. e3 {[%clk 0:11:21]}
Bxf4 {[%clk 0:20:56]} 17. Qxh5 {[%clk 0:10:23]} Nf6 {[%clk 0:21:01]} 18. Qh4
{[%clk 0:07:57]} Bxe3 {[%clk 0:20:10]} 19. Ne4 {[%clk 0:06:59]} Nxe4 {[%clk
0:18:30]} 20. Bxe4 {[%clk 0:06:08]} h6 {[%clk 0:08:34]} 21. Rae1 {[%clk 0:01:52]}
Bg5 {[%clk 0:05:49]} 22. Qh5 {[%clk 0:01:58]} g6 {[%clk 0:05:51]} 23. c5 {[%clk
0:01:14]} Qe6 {[%clk 0:04:19]} 24. Qf3 {[%clk 0:00:47]} Qxh3+ {[%clk 0:03:42]}
25. Kg1 {[%clk 0:01:14]} Bg4 {[%clk 0:03:52]} 26. Qb3 {[%clk 0:00:43]} Be6 {[%clk
0:03:28]} 27. Qd3 {[%clk 0:01:02]} Rad8 {[%clk 0:03:05]} 28. Bg2 {[%clk 0:00:50]}
Qg4 {[%clk 0:02:40]} 29. Kh2 {[%clk 0:00:35]} Bf5 {[%clk 0:02:22]} 30. Rxf5
{[%clk 0:00:45]} Qxf5 {[%clk 0:02:48]} 31. Be4 {[%clk 0:00:50]} Qf2+ {[%clk
0:02:14]} 32. Kh1 {[%clk 0:00:48]} Rfe8 {[%clk 0:01:50]} 33. b5 {[%clk 0:00:40]}
Qd2 {[%clk 0:01:23]} 34. Qc4 {[%clk 0:00:35]} Qc3 {[%clk 0:01:15]} 35. Qxc3
{[%clk 0:00:35]} dxc3 {[%clk 0:01:43]} 36. Bxb7 {[%clk 0:00:34]} Rxe1+ {[%clk
0:01:58]} 37. Nxe1 {[%clk 0:00:59]} Rd1 {[%clk 0:02:18]} 0-1

[Event "Greek Team Championship"]
[Site "chess24.com"]
[Date "2017.07.04"]
[Round "3"]
[White "Kapnisis, Spyridon"]
[Black "Tsironis, Alexandros"]
[Result "1-0"]
[Board "3"]
[WhiteElo "2466"]
[WhiteTitle "GM"]
[WhiteCountry "GRE"]
[WhiteFideId "4203445"]
[WhiteEloChange "1"]
[BlackElo "2006"]
[BlackCountry "GRE"]
[BlackFideId "4262980"]
[BlackEloChange "-2"]

1. c4 {[%clk 1:30:53]} f5 {[%clk 1:24:53]} 2. g3 {[%clk 1:30:30]} Nf6 {[%clk
1:25:17]} 3. Bg2 {[%clk 1:29:58]} d6 {[%clk 1:25:39]} 4. Nc3 {[%clk 1:30:07]} e6
{[%clk 1:22:21]} 5. d3 {[%clk 1:28:47]} Be7 {[%clk 1:22:46]} 6. e4 {[%clk
1:29:03]} Nc6 {[%clk 1:19:14]} 7. exf5 {[%clk 1:27:18]} e5 {[%clk 1:19:12]} 8. g4
{[%clk 1:25:43]} O-O {[%clk 1:11:16]} 9. h3 {[%clk 1:18:51]} Nd7 {[%clk 1:03:14]}
10. Nge2 {[%clk 1:17:31]} a5 {[%clk 0:55:27]} 11. O-O {[%clk 1:15:48]} Bg5 {[%clk
0:53:10]} 12. f4 {[%clk 1:13:44]} exf4 {[%clk 0:47:16]} 13. Nxf4 {[%clk 1:14:00]}
Nd4 {[%clk 0:45:03]} 14. Be3 {[%clk 1:07:40]} Bf6 {[%clk 0:41:36]} 15. Qd2 {[%clk
0:44:27]} c6 {[%clk 0:33:45]} 16. Ne4 {[%clk 0:41:09]} Re8 {[%clk 0:23:31]} 17.
Rae1 {[%clk 0:37:49]} Nc5 {[%clk 0:13:11]} 18. Nxf6+ {[%clk 0:37:17]} Qxf6 {[%clk
0:13:32]} 19. Kh1 {[%clk 0:37:21]} Rxe3 {[%clk 0:08:53]} 20. Qxe3 {[%clk
0:36:54]} Bxf5 {[%clk 0:08:30]} 21. Nh5 {[%clk 0:36:17]} 1-0